<?xml version="1.0" encoding="UTF-8"?>
<record
    xmlns:xsi="http://www.w3.org/2001/XMLSchema-instance"
    xsi:schemaLocation="http://www.loc.gov/MARC21/slim http://www.loc.gov/standards/marcxml/schema/MARC21slim.xsd"
    xmlns="http://www.loc.gov/MARC21/slim">

  <leader>00869nam a2200217 a 4500</leader>
  <controlfield tag="001">52762</controlfield>
  <controlfield tag="003">BD-RjUL</controlfield>
  <controlfield tag="005">20211209075845.0</controlfield>
  <controlfield tag="008">160926s1968    ii  ||||  ||| 000 0 ben d</controlfield>
  <datafield tag="035" ind1=" " ind2=" ">
    <subfield code="a">(BD-RjUL)52882</subfield>
  </datafield>
  <datafield tag="040" ind1=" " ind2=" ">
    <subfield code="a">BD-RjUL</subfield>
    <subfield code="b">ben</subfield>
    <subfield code="c">BD-RjUL</subfield>
    <subfield code="d">BD-RjUL</subfield>
  </datafield>
  <datafield tag="041" ind1=" " ind2=" ">
    <subfield code="a">ben</subfield>
  </datafield>
  <datafield tag="082" ind1=" " ind2=" ">
    <subfield code="2">23</subfield>
    <subfield code="a">891.44109</subfield>
    <subfield code="b">SEB 1968</subfield>
  </datafield>
  <datafield tag="100" ind1="1" ind2="0">
    <subfield code="a">&#x9B8;&#x9C7;&#x9A8;, &#x9A8;&#x9C0;&#x9B2;&#x9B0;&#x9A4;&#x9A8;</subfield>
    <subfield code="9">157781</subfield>
  </datafield>
  <datafield tag="245" ind1="1" ind2="0">
    <subfield code="a">&#x9AC;&#x9C8;&#x9B7;&#x9CD;&#x9A3;&#x9AC; &#x9AA;&#x9A6;&#x9BE;&#x9AC;&#x9B2;&#x9C0; &#x9AA;&#x9B0;&#x9BF;&#x99A;&#x9AF;&#x9BC; /</subfield>
    <subfield code="c">&#x9A8;&#x9C0;&#x9B2;&#x9B0;&#x9A4;&#x9A8; &#x9B8;&#x9C7;&#x9A8; </subfield>
  </datafield>
  <datafield tag="260" ind1=" " ind2=" ">
    <subfield code="a">&#x995;&#x9B2;&#x9BF;&#x995;&#x9BE;&#x9A4;&#x9BE; :</subfield>
    <subfield code="b">&#x9AC;&#x9C1;&#x995;&#x9B2;&#x9BE;&#x9A8;&#x9CD;&#x9A1; &#x9AA;&#x9CD;&#x9B0;&#x9BE;&#x987;&#x9C7;&#x9AD;&#x99F; &#x9B2;&#x9BF;&#x9AE;&#x9BF;&#x99F;&#x9C7;&#x9A1;,</subfield>
    <subfield code="c">&#x9E7;&#x9EF;&#x9EC;&#x9EE; [&#x9E7;&#x9EF;&#x9ED;&#x9EB;]</subfield>
  </datafield>
  <datafield tag="300" ind1=" " ind2=" ">
    <subfield code="a">[&#x9EA;] &#x9EA;&#x9E6;&#x9E6; &#x9AA;&#x9C3; </subfield>
    <subfield code="c">&#x9E8;&#x9E6; &#x9B8;&#x9C7;&#x9AE;&#x9BF;</subfield>
  </datafield>
  <datafield tag="650" ind1=" " ind2=" ">
    <subfield code="a">&#x9AC;&#x9BE;&#x982;&#x9B2;&#x9BE; &#x995;&#x9AC;&#x9BF;&#x9A4;&#x9BE;</subfield>
    <subfield code="x">&#x987;&#x9A4;&#x9BF;&#x9B9;&#x9BE;&#x9B8; &#x993; &#x9B8;&#x9AE;&#x9BE;&#x9B2;&#x9CB;&#x99A;&#x9A8;&#x9BE; </subfield>
    <subfield code="9">157782</subfield>
  </datafield>
  <datafield tag="650" ind1=" " ind2=" ">
    <subfield code="a">Bengali poetry</subfield>
    <subfield code="x">History and criticism</subfield>
    <subfield code="9">157783</subfield>
  </datafield>
  <datafield tag="942" ind1=" " ind2=" ">
    <subfield code="2">ddc</subfield>
    <subfield code="c">BK</subfield>
  </datafield>
  <datafield tag="999" ind1=" " ind2=" ">
    <subfield code="c">52762</subfield>
    <subfield code="d">52762</subfield>
  </datafield>
  <datafield tag="952" ind1=" " ind2=" ">
    <subfield code="0">0</subfield>
    <subfield code="1">0</subfield>
    <subfield code="2">ddc</subfield>
    <subfield code="4">0</subfield>
    <subfield code="7">0</subfield>
    <subfield code="8">NFIC</subfield>
    <subfield code="a">RUCL</subfield>
    <subfield code="b">RUCL</subfield>
    <subfield code="c">Stack</subfield>
    <subfield code="d">1984-03-06</subfield>
    <subfield code="e">N/A</subfield>
    <subfield code="l">1</subfield>
    <subfield code="o">B 891.44109 SEB 1968</subfield>
    <subfield code="r">2018-09-15 00:00:00</subfield>
    <subfield code="s">2018-09-04</subfield>
    <subfield code="t">C-2</subfield>
    <subfield code="w">2016-09-26</subfield>
    <subfield code="y">BK</subfield>
  </datafield>
  <datafield tag="952" ind1=" " ind2=" ">
    <subfield code="0">0</subfield>
    <subfield code="1">0</subfield>
    <subfield code="2">ddc</subfield>
    <subfield code="4">0</subfield>
    <subfield code="7">0</subfield>
    <subfield code="8">NFIC</subfield>
    <subfield code="a">RUCL</subfield>
    <subfield code="b">RUCL</subfield>
    <subfield code="c">Stack</subfield>
    <subfield code="d">1973-08-23</subfield>
    <subfield code="e">India Gov.</subfield>
    <subfield code="l">0</subfield>
    <subfield code="o">B 891.44109 SEB 1968</subfield>
    <subfield code="r">2016-11-08 00:00:00</subfield>
    <subfield code="t">C-3</subfield>
    <subfield code="w">2016-11-08</subfield>
    <subfield code="y">BK</subfield>
  </datafield>
  <datafield tag="952" ind1=" " ind2=" ">
    <subfield code="0">0</subfield>
    <subfield code="1">0</subfield>
    <subfield code="2">ddc</subfield>
    <subfield code="4">0</subfield>
    <subfield code="7">1</subfield>
    <subfield code="8">NFIC</subfield>
    <subfield code="a">RUCL</subfield>
    <subfield code="b">RUCL</subfield>
    <subfield code="c">Reading</subfield>
    <subfield code="d">1984-03-06</subfield>
    <subfield code="e">Central Library, University of Rajshahi</subfield>
    <subfield code="l">0</subfield>
    <subfield code="o">B 891.44109 SEB 1968</subfield>
    <subfield code="r">2022-11-21 00:00:00</subfield>
    <subfield code="t">C-1</subfield>
    <subfield code="w">2022-11-21</subfield>
    <subfield code="y">BK</subfield>
  </datafield>
</record>
